000
00222nam a22000857a 4500
008
160917b xxu||||| |||| 00| 0 eng d
100
_9
636
_a
CBSE
245
_a
English CCE. class-IX
260
_a
New Delhi
_b
Frank Publications
_c
2011
999
_c
3295
_d
3295